Characterization of minerals, metals, and materials (Record no. 52794)
[ view plain ]
| 000 -LEADER | |
|---|---|
| fixed length control field | 01730nam a2200349 a 4500 |
| 245 00 - TITLE STATEMENT | |
| Title | Characterization of minerals, metals, and materials |
| 260 ## - PUBLICATION, DISTRIBUTION, ETC. (IMPRINT) | |
| Place of publication | Hoboken, N.J. : |
| Name of publisher | John Wiley & Sons, |
| Year of publication | c2012. |
| 300 ## - PHYSICAL DESCRIPTION | |
| Number of Pages | xviii, 533 p. : |
| Other physical details | ill., ports. |
| 500 ## - GENERAL NOTE | |
| General note | "Held during the TMS 2012 Annual Meeting & Exhibition Orlando, Florida, USA, March 11-15, 2012." |
| 650 #0 - SUBJECT ADDED ENTRY--TOPICAL TERM | |
| Topical Term | Materials |
| Topical Term | Materials |
| 700 1# - ADDED ENTRY--PERSONAL NAME | |
| Personal name | Hwang, Jiann-Yang. |
| 856 40 - ELECTRONIC LOCATION AND ACCESS | |
| Uniform Resource Identifier | http://site.ebrary.com/lib/rucke/Doc?id=10630546 |
No items available.
